00365nam a22001217a 4500020001500000082003100015100002000046245005500066260004300121300003400164526003700198650000800235 a0132145103 a621.38153bMANcL-10, P-66 aMano, M. Morris aDigital Logic and computer DesigncMano, M. Morris aCaliforniabPrentice Hall, Inc.,c1979 aviii, 606 p. :bill, c24 cm. a0b0c0d621_381530000000000_MAN aMCE